Co-operation against crime : the conventions of the Council of Europe

Αποθηκεύτηκε σε:
Λεπτομέρειες βιβλιογραφικής εγγραφής
Συγγραφή απο Οργανισμό/Αρχή: Council of Europe
Μορφή: Βιβλίο
Γλώσσα:English
French
Δημοσίευση: Strasbourg : Council of Europe Pub., 2006.
Θέματα:
Ετικέτες: Προσθήκη ετικέτας
Δεν υπάρχουν, Καταχωρήστε ετικέτα πρώτοι!

MARC

LEADER 00000cam a2200000 i 4500
001 1/85059
008 080515s2006 fr | ||| |||| ||eng||
020 |a 9789287160850 
035 |l 10097333 
040 |a GR-MyUA  |b gre  |e AACR2 
041 1 |a eng  |h fre 
082 0 |a 363.23094  |2 (22) 
245 1 0 |a Co-operation against crime :   |b the conventions of the Council of Europe /   |c Council of Europe.  
260 |a Strasbourg :   |b Council of Europe Pub.,   |c 2006.  
300 |a 336 σ. ;   |c 24 εκ.  
500 |a Τίτλος πρωτοτύπου: Cooperation contre la criminalite.  
650 0 0 |a Crime prevention  |z Europe. 
650 0 0 |a Transnational crime  |z Europe. 
650 0 0 |a Organized crime  |z Europe. 
650 0 0 |a Law enforcement  |z Europe. 
710 2 |a Council of Europe. 
852 |a INST  |b LESVOS  |e 20080515  |h 363.23094 COO  |p 005100039738  |q 005100039738  |t BK  |y 0 
901 |a BIBL1-2008-2 
909 |a Λ  |b 145680 
922 |a 1ΕΛΗ  |b 200801  |c ΕΠΕΑΕΚ2/ΤΚ  |d ΕΛΕΥΘΕΡΟΥΔΑΚΗΣ 
970 |a ΚΑΡΑ  |b ΓΙΑΣΕΜΗ  |z 2008/05/15